[Event "Tarragona Province-chB"]
[Site "L'Hospitalet Infant"]
[Date "2016.11.13"]
[Round "7"]
[White "Carrete Recasens, Jordi"]
[Black "Bru Rullo, Joaquin"]
[Result "1-0"]
[WhiteElo "1765"]
[BlackElo "1539"]
[PlyCount "61"]
[EventDate "2016.10.02"]
[EventType "swiss"]
[EventRounds "9"]
[EventCountry "ESP"]
[SourceTitle "EXT 2018"]
[Source "ChessBase"]
[SourceDate "2017.10.13"]
[SourceVersion "1"]
[SourceVersionDate "2017.10.13"]
[SourceQuality "1"]

1. e4 c5 2. Nf3 Nc6 3. d4 cxd4 4. Nxd4 d6 5. Bc4 Nf6 6. Nc3 e6 7. Bg5 Be7 8. Ndb5 a6 9. Bxf6 gxf6 10. Nd4 Bd7 11. a3 Qc7 12. Qd2 Ne5 13. Be2 Nc4 14. Bxc4 Qxc4 15. 0-0-0 Qc5 16. Nb3 Qg5 17. f4 Qg6 18. g3 f5 19. Qd4 Rg8 20. e5 d5 21. Qb6 Bc6 22. Nc5 Bxc5 23. Qxc5 f6 24. Rhe1 fxe5 25. Rxe5 Rg7 26. Nxd5 Rd8 27. Ne3 Rxd1+ 28. Kxd1 Rd7+ 29. Kc1 Kf7 30. Nxf5 Rd5 31. Qe7+ 1-0